[Event "Wroclaw"]
[Site "?"]
[Date "2020.08.27"]
[Round "13.5"]
[White "Luczak, Filip"]
[Black "Poltorak, Sebastian"]
[Result "1/2-1/2"]
[BlackElo "1841"]
[WhiteElo "1891"]
[LiveChessVersion "1.4.8"]

1. Nf3 {[%clk 0:03:03]} Nf6 {[%clk 0:03:03]} 2. g3 {[%clk 0:03:05]} b5
{[%clk 0:03:04]} 3. Na3 {[%clk 0:03:04]} a6 4. c4 {[%clk 0:03:05]} bxc4
{[%clk 0:03:00]} 5. Nxc4 {[%clk 0:03:05]} c5 {[%clk 0:02:54]} 6. Bg2
{[%clk 0:02:58]} Nc6 {[%clk 0:02:55]} 7. O-O {[%clk 0:02:33]} Qc7
{[%clk 0:02:55]} 8. d3 {[%clk 0:02:28]} e5 {[%clk 0:02:45]} 9. Nfxe5
{[%clk 0:02:14]} Nxe5 {[%clk 0:02:45]} 10. Nxe5 {[%clk 0:02:11]} Bb7
{[%clk 0:02:27]} 11. Bxb7 {[%clk 0:01:40]} Qxb7 {[%clk 0:02:28]} 12. Nf3
{[%clk 0:01:33]} Be7 {[%clk 0:02:28]} 13. Qc2 {[%clk 0:01:26]} O-O
{[%clk 0:02:27]} 14. Bg5 {[%clk 0:01:21]} Rfc8 {[%clk 0:02:23]} 15. b3
{[%clk 0:01:17]} h6 {[%clk 0:02:24]} 16. Bxf6 {[%clk 0:01:12]} Bxf6
{[%clk 0:02:26]} 17. Rac1 {[%clk 0:01:13]} d5 {[%clk 0:02:24]} 18. e4
{[%clk 0:01:08]} a5 {[%clk 0:01:42]} 19. Nd2 {[%clk 0:01:02]} a4 {[%clk 0:01:41]}
20. bxa4 {[%clk 0:01:00]} dxe4 {[%clk 0:01:26]} 21. Nxe4 {[%clk 0:00:55]} Be5
{[%clk 0:01:28]} 22. Nxc5 {[%clk 0:00:42]} Qe7 {[%clk 0:00:55]} 23. Rfe1
{[%clk 0:00:41]} Qd6 {[%clk 0:00:42]} 24. Qe2 {[%clk 0:00:32]} Bd4
{[%clk 0:00:28]} 25. Ne4 {[%clk 0:00:30]} Qb6 {[%clk 0:00:26]} 26. Rb1
{[%clk 0:00:26]} Qa7 {[%clk 0:00:24]} 27. Rb4 {[%clk 0:00:25]} Re8
{[%clk 0:00:21]} 28. Qf3 {[%clk 0:00:22]} Bc3 {[%clk 0:00:21]} 29. Reb1
{[%clk 0:00:17]} Bxb4 {[%clk 0:00:21]} 30. Rxb4 {[%clk 0:00:19]} Qe7
{[%clk 0:00:20]} 31. Rc4 {[%clk 0:00:17]} Qa3 {[%clk 0:00:19]} 32. Nc3
{[%clk 0:00:12]} Rac8 {[%clk 0:00:18]} 33. Qd5 {[%clk 0:00:07]} Red8
{[%clk 0:00:14]} 34. Qa5 {[%clk 0:00:06]} Qe7 {[%clk 0:00:08]} 35. Qb5
{[%clk 0:00:04]} Rxc4 {[%clk 0:00:06]} 36. Qxc4 Qd7 {[%clk 0:00:05]} 37. a5
{[%clk 0:00:04]} Rc8 {[%clk 0:00:06]} 38. Qb4 {[%clk 0:00:03]} Qe6
{[%clk 0:00:06]} 39. Nb5 {[%clk 0:00:03]} Rc1+ {[%clk 0:00:06]} 40. Kg2
{[%clk 0:00:04]} Qc6+ {[%clk 0:00:08]} 41. Kh3 {[%clk 0:00:03]} Qe6+
{[%clk 0:00:07]} 42. Kg2 Qd5+ {[%clk 0:00:08]} 43. Kh3 {[%clk 0:00:05]} Rg1
{[%clk 0:00:07]} 44. Nd4 {[%clk 0:00:05]} Qh5# {[%clk 0:00:08]} 1/2-1/2

[Event "Wroclaw"]
[Site "?"]
[Date "2020.08.27"]
[Round "13.6"]
[White "Szydlo, Michal"]
[Black "Suder, Jakub"]
[Result "0-1"]
[BlackElo "2031"]
[WhiteElo "1836"]
[LiveChessVersion "1.4.8"]

1. e4 {[%clk 0:03:04]} c5 {[%clk 0:03:01]} 2. Nf3 {[%clk 0:03:04]} e6
{[%clk 0:03:03]} 3. d4 {[%clk 0:03:05]} cxd4 {[%clk 0:03:03]} 4. Nxd4
{[%clk 0:03:06]} Nf6 {[%clk 0:03:04]} 5. Nc3 {[%clk 0:03:07]} Nc6
{[%clk 0:03:05]} 6. Ndb5 {[%clk 0:02:55]} Bb4 {[%clk 0:03:06]} 7. a3
{[%clk 0:02:56]} Bxc3+ {[%clk 0:03:07]} 8. Nxc3 {[%clk 0:02:58]} d5
{[%clk 0:03:08]} 9. exd5 {[%clk 0:02:59]} exd5 {[%clk 0:03:09]} 10. Bd3
{[%clk 0:02:59]} d4 {[%clk 0:03:10]} 11. Ne2 {[%clk 0:03:00]} O-O
{[%clk 0:03:11]} 12. O-O {[%clk 0:03:01]} Bg4 {[%clk 0:03:12]} 13. Bg5
{[%clk 0:03:02]} Qd6 {[%clk 0:02:53]} 14. Qd2 {[%clk 0:02:58]} Rfe8
{[%clk 0:02:52]} 15. Rfe1 {[%clk 0:02:36]} a6 {[%clk 0:02:34]} 16. f3
{[%clk 0:01:58]} Bh5 {[%clk 0:02:34]} 17. Nf4 {[%clk 0:01:54]} Bg6
{[%clk 0:02:34]} 18. Nxg6 {[%clk 0:01:52]} hxg6 {[%clk 0:02:34]} 19. Bf4
{[%clk 0:01:20]} Qc5 {[%clk 0:02:27]} 20. b4 {[%clk 0:01:20]} Qb6
{[%clk 0:02:28]} 21. Bc4 {[%clk 0:01:04]} Ne7 {[%clk 0:02:21]} 22. Rad1
{[%clk 0:00:54]} Nf5 {[%clk 0:02:22]} 23. Qd3 {[%clk 0:00:42]} Rac8
{[%clk 0:02:00]} 24. Bb3 {[%clk 0:00:22]} Qc6 {[%clk 0:01:46]} 25. g4
{[%clk 0:00:14]} Nh4 {[%clk 0:01:46]} 26. Kf2 {[%clk 0:00:12]} Nxg4+
{[%clk 0:01:47]} 27. Kg3 {[%clk 0:00:10]} Re3 {[%clk 0:01:25]} 28. Bxe3
{[%clk 0:00:07]} Qxf3+ {[%clk 0:01:15]} 29. Kxh4 {[%clk 0:00:08]} Ne5
{[%clk 0:00:56]} 30. Qe2 {[%clk 0:00:07]} g5+ {[%clk 0:00:51]} 31. Bxg5
{[%clk 0:00:08]} Ng6# {[%clk 0:00:52]} 0-1

[Event "Wroclaw"]
[Site "?"]
[Date "2020.08.27"]
[Round "13.7"]
[White "Kacprzak, Karol"]
[Black "Kozlowski, Michal"]
[Result "1-0"]
[BlackElo "1745"]
[WhiteElo "2012"]
[LiveChessVersion "1.4.8"]

1. d4 {[%clk 0:03:04]} Nf6 {[%clk 0:03:03]} 2. Nf3 {[%clk 0:03:05]} b6
{[%clk 0:03:04]} 3. e3 {[%clk 0:03:05]} Bb7 {[%clk 0:03:05]} 4. Bd3
{[%clk 0:03:06]} c5 {[%clk 0:02:59]} 5. O-O {[%clk 0:03:06]} g6 {[%clk 0:02:59]}
6. c4 {[%clk 0:03:06]} Bg7 {[%clk 0:02:57]} 7. Nc3 {[%clk 0:03:07]} O-O
{[%clk 0:02:57]} 8. d5 {[%clk 0:03:08]} d6 {[%clk 0:02:56]} 9. e4
{[%clk 0:03:03]} e5 {[%clk 0:02:53]} 10. Ne1 {[%clk 0:02:52]} Na6
{[%clk 0:02:31]} 11. g3 {[%clk 0:02:50]} Bc8 {[%clk 0:02:27]} 12. Ng2
{[%clk 0:02:46]} Bg4 {[%clk 0:02:01]} 13. f3 {[%clk 0:02:43]} Bh3
{[%clk 0:02:01]} 14. f4 {[%clk 0:02:38]} exf4 {[%clk 0:01:32]} 15. gxf4
{[%clk 0:02:39]} Nd7 {[%clk 0:01:31]} 16. Bd2 {[%clk 0:02:28]} Nc7
{[%clk 0:01:30]} 17. Qf3 {[%clk 0:02:22]} Bxg2 {[%clk 0:01:29]} 18. Qxg2
{[%clk 0:02:23]} a6 {[%clk 0:01:25]} 19. Qe2 {[%clk 0:02:07]} Rb8
{[%clk 0:01:21]} 20. a4 {[%clk 0:02:06]} Qe7 {[%clk 0:01:20]} 21. Rae1
{[%clk 0:02:03]} Rbe8 {[%clk 0:01:12]} 22. Kh1 {[%clk 0:01:58]} Qd8
{[%clk 0:01:07]} 23. Qg2 {[%clk 0:01:45]} Qb8 {[%clk 0:00:45]} 24. e5
{[%clk 0:01:33]} dxe5 {[%clk 0:00:36]} 25. f5 {[%clk 0:01:34]} Qd8
{[%clk 0:00:23]} 26. Ne4 {[%clk 0:01:31]} Nf6 {[%clk 0:00:20]} 27. Bg5
{[%clk 0:01:32]} b5 {[%clk 0:00:14]} 28. b3 {[%clk 0:01:32]} bxc4
{[%clk 0:00:14]} 29. bxc4 {[%clk 0:01:32]} h6 {[%clk 0:00:13]} 30. Bxf6
{[%clk 0:01:32]} Bxf6 {[%clk 0:00:14]} 31. fxg6 {[%clk 0:01:33]} fxg6
{[%clk 0:00:14]} 32. Qxg6+ {[%clk 0:01:32]} Bg7 {[%clk 0:00:15]} 33. Ng5
{[%clk 0:01:21]} Rf6 {[%clk 0:00:09]} 34. Qh7+ {[%clk 0:01:18]} Kf8
{[%clk 0:00:10]} 35. Ne4 {[%clk 0:01:17]} Nxd5 {[%clk 0:00:07]} 36. cxd5
{[%clk 0:01:10]} Qxd5 {[%clk 0:00:08]} 37. Rxf6+ {[%clk 0:01:11]} Bxf6
{[%clk 0:00:08]} 38. Qxh6+ {[%clk 0:01:11]} Bg7 {[%clk 0:00:09]} 39. Qd6+
{[%clk 0:00:55]} Qxd6 {[%clk 0:00:07]} 40. Nxd6 Rd8 41. Rf1+ {[%clk 0:00:58]} Ke7
{[%clk 0:00:03]} 42. Nf5+ {[%clk 0:00:59]} Kf6 {[%clk 0:00:05]} 43. Nxg7+
{[%clk 0:00:57]} Kxg7 {[%clk 0:00:06]} 44. Bxa6 {[%clk 0:00:59]} Rd4
{[%clk 0:00:07]} 45. Bb5 {[%clk 0:00:59]} Rd2 {[%clk 0:00:08]} 46. Rc1
{[%clk 0:00:59]} e4 {[%clk 0:00:08]} 47. Rxc5 {[%clk 0:00:58]} Kf6
{[%clk 0:00:05]} 48. Kg1 {[%clk 0:00:57]} e3 {[%clk 0:00:07]} 49. Rc3
{[%clk 0:00:53]} e2 {[%clk 0:00:03]} 50. Re3 {[%clk 0:00:52]} Rd1+
{[%clk 0:00:04]} 51. Kf2 {[%clk 0:00:53]} Rh1 {[%clk 0:00:05]} 52. Rxe2
{[%clk 0:00:53]} Rxh2+ {[%clk 0:00:07]} 53. Ke3 {[%clk 0:00:54]} Rh3+
{[%clk 0:00:07]} 54. Ke4 1-0

[Event "Wroclaw"]
[Site "?"]
[Date "2020.08.27"]
[Round "13.8"]
[White "Fiedorek, Michal"]
[Black "Grzesik, Gracjan"]
[Result "0-1"]
[BlackElo "1927"]
[WhiteElo "1831"]
[LiveChessVersion "1.4.8"]

1. e4 {[%clk 0:03:03]} c5 {[%clk 0:03:04]} 2. Nf3 {[%clk 0:03:04]} d6
{[%clk 0:03:05]} 3. d4 {[%clk 0:03:05]} cxd4 {[%clk 0:03:06]} 4. Nxd4
{[%clk 0:03:06]} Nf6 {[%clk 0:03:07]} 5. Nc3 {[%clk 0:03:06]} a6 {[%clk 0:03:08]}
6. Be3 {[%clk 0:02:58]} e5 {[%clk 0:03:09]} 7. Nf3 {[%clk 0:02:52]} h6
{[%clk 0:03:09]} 8. Bc4 {[%clk 0:02:50]} Be7 {[%clk 0:02:51]} 9. O-O
{[%clk 0:02:48]} Qc7 {[%clk 0:02:41]} 10. Bb3 {[%clk 0:02:39]} Nc6
{[%clk 0:02:18]} 11. Nh4 {[%clk 0:02:15]} Na5 {[%clk 0:01:18]} 12. Qf3
{[%clk 0:01:49]} Nc4 {[%clk 0:00:29]} 13. Bxc4 {[%clk 0:01:35]} Qxc4
{[%clk 0:00:30]} 14. Nf5 {[%clk 0:01:36]} Bxf5 {[%clk 0:00:30]} 15. Qxf5
{[%clk 0:01:36]} O-O {[%clk 0:00:22]} 16. Rfd1 {[%clk 0:01:10]} b5
{[%clk 0:00:15]} 17. a3 {[%clk 0:01:10]} Rac8 {[%clk 0:00:13]} 18. Rac1
{[%clk 0:01:10]} Rfd8 {[%clk 0:00:11]} 19. Nd5 {[%clk 0:01:08]} Nxd5
{[%clk 0:00:09]} 20. Rxd5 {[%clk 0:01:08]} a5 {[%clk 0:00:08]} 21. Qg4
{[%clk 0:00:43]} Kh8 {[%clk 0:00:05]} 22. h4 {[%clk 0:00:31]} b4 {[%clk 0:00:05]}
23. axb4 {[%clk 0:00:32]} axb4 {[%clk 0:00:07]} 24. h5 {[%clk 0:00:32]} b3
{[%clk 0:00:05]} 25. c3 {[%clk 0:00:30]} Ra8 {[%clk 0:00:06]} 26. Qf5
{[%clk 0:00:26]} Kg8 {[%clk 0:00:07]} 27. Qg4 {[%clk 0:00:27]} Kh8
{[%clk 0:00:08]} 28. Qf5 {[%clk 0:00:29]} Kg8 {[%clk 0:00:07]} 29. Qg4
{[%clk 0:00:26]} Kh8 {[%clk 0:00:08]} 30. Qf5 {[%clk 0:00:28]} Kg8
{[%clk 0:00:08]} 31. Rd2 {[%clk 0:00:11]} Ra4 {[%clk 0:00:07]} 32. f3
{[%clk 0:00:10]} Ra2 {[%clk 0:00:06]} 33. g4 {[%clk 0:00:10]} Rda8
{[%clk 0:00:05]} 34. g5 {[%clk 0:00:04]} Bxg5 {[%clk 0:00:06]} 35. Bxg5
{[%clk 0:00:05]} hxg5 {[%clk 0:00:07]} 36. Qxg5 {[%clk 0:00:05]} Qe6
{[%clk 0:00:07]} 37. Rg2 {[%clk 0:00:05]} g6 {[%clk 0:00:05]} 38. hxg6 fxg6 39.
Qxg6+ {[%clk 0:00:04]} Qxg6 {[%clk 0:00:08]} 40. Rxg6+ {[%clk 0:00:05]} Kf7
{[%clk 0:00:09]} 41. Rxd6 {[%clk 0:00:05]} Rxb2 {[%clk 0:00:10]} 42. Rb6
{[%clk 0:00:04]} Rg8+ {[%clk 0:00:10]} 43. Kf1 {[%clk 0:00:05]} Rgg2
{[%clk 0:00:10]} 44. c4 {[%clk 0:00:06]} Rbf2+ {[%clk 0:00:08]} 45. Ke1
{[%clk 0:00:07]} b2 {[%clk 0:00:08]} 46. Rb1 {[%clk 0:00:07]} Rh2
{[%clk 0:00:07]} 47. c5 {[%clk 0:00:06]} Rc2 {[%clk 0:00:08]} 48. Kd1
{[%clk 0:00:04]} Rcg2 {[%clk 0:00:09]} 49. R6xb2 {[%clk 0:00:03]} Rg1#
{[%clk 0:00:10]} 0-1

[Event "Wroclaw"]
[Site "?"]
[Date "2020.08.27"]
[Round "13.9"]
[White "Bachor, Tomasz"]
[Black "Kaliszuk, Kamil"]
[Result "0-1"]
[BlackElo "1789"]
[WhiteElo "1812"]
[LiveChessVersion "1.4.8"]

1. d4 {[%clk 0:03:03]} d5 {[%clk 0:03:03]} 2. c4 {[%clk 0:03:04]} c6
{[%clk 0:03:05]} 3. Nf3 {[%clk 0:03:05]} Nf6 {[%clk 0:03:06]} 4. Nc3
{[%clk 0:03:05]} e6 {[%clk 0:03:07]} 5. Bg5 {[%clk 0:03:06]} dxc4
{[%clk 0:03:07]} 6. e4 {[%clk 0:03:07]} b5 {[%clk 0:03:09]} 7. e5
{[%clk 0:03:07]} h6 {[%clk 0:03:10]} 8. Bh4 {[%clk 0:03:08]} g5 {[%clk 0:03:10]}
9. Nxg5 {[%clk 0:03:09]} hxg5 {[%clk 0:03:11]} 10. Bxg5 {[%clk 0:03:10]} Nbd7
{[%clk 0:03:12]} 11. g3 {[%clk 0:03:10]} Bb7 {[%clk 0:03:12]} 12. Bg2
{[%clk 0:03:10]} Qb6 {[%clk 0:03:13]} 13. exf6 {[%clk 0:03:10]} O-O-O
{[%clk 0:03:13]} 14. O-O {[%clk 0:02:58]} c5 {[%clk 0:03:14]} 15. d5
{[%clk 0:02:56]} b4 {[%clk 0:03:14]} 16. Rb1 {[%clk 0:02:12]} Nb8
{[%clk 0:03:09]} 17. Na4 {[%clk 0:01:30]} Qb5 {[%clk 0:03:10]} 18. b3
{[%clk 0:01:12]} c3 {[%clk 0:03:03]} 19. Qc2 {[%clk 0:01:08]} Bxd5
{[%clk 0:02:47]} 20. Rbd1 {[%clk 0:01:06]} Bxg2 {[%clk 0:02:01]} 21. Rxd8+
{[%clk 0:01:06]} Kxd8 {[%clk 0:02:02]} 22. Kxg2 {[%clk 0:01:06]} Qc6+
{[%clk 0:01:42]} 23. f3 {[%clk 0:00:52]} Nd7 {[%clk 0:01:39]} 24. Rd1
{[%clk 0:00:52]} Kc8 {[%clk 0:01:38]} 25. Qd3 {[%clk 0:00:39]} Bh6
{[%clk 0:01:02]} 26. h4 {[%clk 0:00:33]} Bxg5 {[%clk 0:00:44]} 27. hxg5
{[%clk 0:00:34]} Ne5 {[%clk 0:00:36]} 28. Qe4 {[%clk 0:00:31]} Qxe4
{[%clk 0:00:31]} 29. fxe4 {[%clk 0:00:32]} Rd8 {[%clk 0:00:19]} 30. Rc1
{[%clk 0:00:27]} Rd2+ {[%clk 0:00:20]} 31. Kh3 {[%clk 0:00:26]} Nd3
{[%clk 0:00:21]} 32. Rf1 {[%clk 0:00:17]} Nf2+ {[%clk 0:00:05]} 33. Kh4
{[%clk 0:00:12]} Nxe4 {[%clk 0:00:06]} 34. Nxc5 {[%clk 0:00:08]} Nxc5
{[%clk 0:00:06]} 35. g6 {[%clk 0:00:10]} Rh2+ {[%clk 0:00:05]} 36. Kg5
{[%clk 0:00:11]} e5 {[%clk 0:00:05]} 37. g7 Ne6+ 38. Kf5 {[%clk 0:00:10]} Rh5+
{[%clk 0:00:08]} 39. Ke4 {[%clk 0:00:10]} Rg5 {[%clk 0:00:09]} 40. a3
{[%clk 0:00:07]} bxa3 {[%clk 0:00:10]} 41. Rc1 {[%clk 0:00:07]} Rxg3
{[%clk 0:00:11]} 42. Kd5 {[%clk 0:00:07]} Kd7 {[%clk 0:00:10]} 43. Kxe5
{[%clk 0:00:08]} Nxg7 44. fxg7 {[%clk 0:00:08]} Rxg7 {[%clk 0:00:12]} 45. Rxc3
{[%clk 0:00:10]} Rg4 {[%clk 0:00:12]} 46. b4 {[%clk 0:00:10]} Rxb4
{[%clk 0:00:12]} 47. Rxa3 {[%clk 0:00:11]} Rb7 {[%clk 0:00:14]} 48. Kf6
{[%clk 0:00:12]} Kc6 {[%clk 0:00:15]} 49. Ke5 {[%clk 0:00:08]} Kc5
{[%clk 0:00:17]} 50. Ra6 {[%clk 0:00:05]} Kb5 {[%clk 0:00:17]} 51. Ra1
{[%clk 0:00:06]} a5 {[%clk 0:00:18]} 52. Kd4 {[%clk 0:00:07]} a4 {[%clk 0:00:19]}
53. Kc3 {[%clk 0:00:08]} Rc7+ {[%clk 0:00:18]} 54. Kd4 {[%clk 0:00:09]} Ra7
{[%clk 0:00:16]} 55. Kc3 {[%clk 0:00:10]} a3 {[%clk 0:00:17]} 56. Kb3
{[%clk 0:00:11]} a2 {[%clk 0:00:17]} 57. Kb2 {[%clk 0:00:12]} Kb4
{[%clk 0:00:18]} 58. Kc2 {[%clk 0:00:12]} Ka3 {[%clk 0:00:18]} 59. Rh1
{[%clk 0:00:12]} Rc7+ {[%clk 0:00:20]} 60. Kd3 {[%clk 0:00:13]} Kb2
{[%clk 0:00:21]} 61. Rh2+ {[%clk 0:00:14]} Kb1 {[%clk 0:00:23]} 62. Rh1+
{[%clk 0:00:16]} Rc1 {[%clk 0:00:24]} 63. Rxc1+ {[%clk 0:00:16]} Kxc1
{[%clk 0:00:25]} 0-1